| 000 -LEADER |
| fixed length control field |
00720nkm a2200253 a 4500 |
| 007 - PHYSICAL DESCRIPTION FIXED FIELD--GENERAL INFORMATION |
| fixed length control field |
kn boi |
| 008 - FIXED-LENGTH DATA ELEMENTS--GENERAL INFORMATION |
| fixed length control field |
190719s1970||||xxk||||g|||||f || n|eng|d |
| 020 ## - INTERNATIONAL STANDARD BOOK NUMBER |
| International Standard Book Number |
9780707741864 |
| Terms of availability |
£ 16.00 |
| 040 ## - CATALOGING SOURCE |
| Original cataloging agency |
IMU Kochi Library |
| 041 0# - LANGUAGE CODE |
| Language code of text/sound track or separate title |
eng |
| 044 ## - COUNTRY OF PUBLISHING/PRODUCING ENTITY CODE |
| MARC country code |
United Kingdom |
| 082 04 - DEWEY DECIMAL CLASSIFICATION NUMBER |
| Classification number |
523.8 |
| Item number |
Un314 |
| Edition number |
23 |
| 110 ## - MAIN ENTRY--CORPORATE NAME |
| Corporate name or jurisdiction name as entry element |
Great Britain. |
| Subordinate unit |
Hydrographic Office |
| 245 #0 - TITLE STATEMENT |
| Title |
Star Finder and Identifier / |
| 260 ## - PUBLICATION, DISTRIBUTION, ETC. (IMPRINT) |
| Place of publication, distribution, etc |
Taunton : |
| Name of publisher, distributor, etc |
Admiralty publications, |
| Date of publication, distribution, etc |
1970 |
| 300 ## - PHYSICAL DESCRIPTION |
| Extent |
1 chart ; |
| Dimensions |
29 x 29 cm. |
| 490 0# - SERIES STATEMENT |
| Series statement |
NP ; |
| Volume number/sequential designation |
323 |
| 650 ## - SUBJECT ADDED ENTRY--TOPICAL TERM |
| Topical term or geographic name as entry element |
Astronomy |
| General subdivision |
Charts, diagrams, etc. |
| 650 ## - SUBJECT ADDED ENTRY--TOPICAL TERM |
| Topical term or geographic name as entry element |
Nautical astronomy |
| General subdivision |
Charts, diagrams, etc. |
| 852 ## - LOCATION/CALL NUMBER |
| Location |
IMU Kochi Library |
| 904 ## - LOCAL DATA ELEMENT D, LDD (RLIN) |
| CATALOGER |
Rudra Ranjan |
| 905 ## - LOCAL DATA ELEMENT E, LDE (RLIN) |
| VERIFIER |
Rudra Ranjan |
| 942 ## - ADDED ENTRY ELEMENTS (KOHA) |
| Item type |
Chart |